000
00202 a2200097 4500
001
11112
100
_a
Altaf Gauhar
245
_a
Pakistan
260
_a
_b
Pakistan Publications
_c
090
_c
8667
_d
8667
942
_a
NUST-CAE
_c
M
_c
35452
999
_c
246185
_d
246185